[Event "Osasco Franca Garcia Memorial 20th"]
[Site "Osasco"]
[Date "2004.07.06"]
[Round "7"]
[White "Schneider, Dmitry"]
[Black "Zambrana, Oswaldo"]
[Result "1/2-1/2"]
[WhiteElo "2454"]
[BlackElo "2472"]
[Annotator "Rogozenco,D"]
[PlyCount "101"]
[EventDate "2004.07.01"]
[EventType "tourn"]
[EventRounds "9"]
[EventCountry "BRA"]
[EventCategory "9"]
[SourceTitle "CBM 103"]
[Source "ChessBase"]
[SourceDate "2004.11.11"]
[SourceVersion "1"]
[SourceVersionDate "2004.11.11"]
[SourceQuality "1"]

1. e4 c5 2. Nf3 Nc6 3. d4 cxd4 4. Nxd4 Nf6 5. Nc3 e5 6. Ndb5 d6 7. Bg5 a6 8.
Na3 b5 9. Bxf6 gxf6 10. Nd5 f5 11. c3 Bg7 12. Bd3 Be6 13. Qh5 O-O 14. O-O f4
15. Rfd1 Rb8 16. Nc2 Qd7 17. h3 a5 (17... f5 18. Ncb4 Nxb4 19. Nxb4 a5 20. exf5
Bf7 21. Qh4 axb4 22. f6 $14 {/=}) 18. Na3 {Anand's novelty gave a new impulse
for the theory of this opening line.} Na7 ({Better than} 18... b4 19. Nb5 bxc3
20. bxc3 Ne7 21. Ndc7 Rbc8 22. Nxe6 fxe6 23. a4 Kh8 24. Bc2 $16 {1-0 Anand,
V-Kramnik,V/Cap d'Agde 2003 (46)}) 19. Bc2 (19. Be2 $6 f5 $132 {0-1 Zambrana,
O-Madeira,W/Osasco 2004 (38)}) (19. c4 b4 (19... f5 $5 20. exf5 $140 $6 Bxd5
21. cxd5 e4 22. Bxe4 Bxb2) 20. Nc2 Nc6 $13) (19. Rd2 Bxd5 (19... f5 20. Bc2 $14
(20. exf5 $2 Bxd5 21. f6 Bxf6)) 20. exd5 f5 $132) 19... Rfc8 (19... Nc6 20. c4
$14 (20. Rd2 Ne7 21. Bb3 Nxd5 22. Bxd5 Bxd5 23. Rxd5 f5 $132 {Anand})) (19...
b4 $6 20. cxb4 axb4 21. Nc4 $16) 20. Bb3 (20. Rd2 b4 $1) 20... Rc5 ({Anand
indicated the correct way for Black to regroup the pieces:} 20... a4 21. Bc2
Nc6 22. Rd2 Ne7 $1 $132) 21. Rd2 $1 Nc6 (21... a4 22. Bc2 Bxd5 (22... Nc6 23.
Rad1 $14) 23. Rxd5 Qc7 ({Black does not equalize also after} 23... b4 24. cxb4
Rxb4 25. Rad1 Rxd5 26. exd5 h6 27. b3 $14 axb3 28. axb3 e4 29. Qh4 {[%csl Rf4]}
) 24. Rad1 Nc8 $6 25. Qe2 b4 26. Rxc5 Qxc5 27. Rd5 Qc6 28. Rb5 $16 {1-0
Ganguly,S-Ramesh,R/Calicut 2003 (44)}) 22. Rad1 {This position is better for
White, since he achieved his aim - kept good control over square d5 and
doubled the rooks on the d-file.  Next he will try to use the awkward position
of the rook on c5.} Qd8 (22... Qa7 $142 23. Qe2 $140 (23. Qh4 $5) 23... a4 24.
Bc2 b4 $132) (22... h6 $5 23. Nxf4 (23. Bc2 Qa7 24. Qe2 $14) 23... exf4 24.
Qxc5 dxc5 25. Rxd7 c4 26. Bc2 b4 $44) 23. Bc2 {White prepares the advance b4.}
(23. Nb1 $5 h6 24. Rd3 {[%cal Gb1d2,Gd2f3]}) 23... h6 (23... b4 24. Nb1 (24.
cxb4 $2 axb4 25. Nb1 Nd4 $132) 24... h6 25. Bb3 $14 Ra8 26. Rd3 $5) 24. b4 axb4
25. cxb4 Nxb4 {No choice for Black} 26. Nxb4 Qa5 27. Rxd6 $6 (27. Nxb5 $1 Qxb5
(27... Qxb4 28. Nxd6 $16) 28. Nd5 Bxd5 29. Rxd5 Rxd5 30. Rxd5 $16 Qc4 31. Bb3
Qxe4 32. Rxd6 $16) (27. Nd5 Bxd5 28. Rxd5 Rxd5 29. Rxd5 Qxa3 30. Bb3 $14) 27...
Qxb4 28. Bb3 Rc1 $6 (28... Bxb3 29. Rd8+ (29. axb3 Rf8 $1 {[%csl Ra3]}) 29...
Rxd8 30. Rxd8+ Bf8 31. Qg4+ Kh7 32. Qf5+ Kg7 33. Qg4+ $11) 29. Bxe6 (29. Rxc1
Qxd6 30. Bxe6 Qxe6 $11) 29... Rxd1+ 30. Rxd1 fxe6 31. Rd7 Qf8 32. Qg4 Rb6 {
It is amazing that White does not have a clear win here. Black's position
looks horrible, but White's problem is that his knight is too far from the
kingside.} 33. Kh2 ({I don't understand why not bruinging the knight into play:
} 33. Nc2 Qf6 ({maybe Black should consider} 33... f3) 34. Ne1 Qg5 35. Qe2 $16)
33... Qf6 34. h4 {This defends against ...Qg5, but creates a weakness.} (34.
Nc2 Qg5 35. Qe2 {is still a clear advantage.}) 34... Kh8 $1 35. Nb1 Rb8 36. a3
$1 {This strange-looking move takes control over square b4 and protects
against a possible invasion of the black queen.} (36. Rd6 Qe7 37. Rxe6 (37.
Qxe6 Qxh4+ 38. Kg1 f3 $132) 37... Qb4 $132) 36... Rg8 37. Qh5 $6 {This allows
unexpected counterplay.} (37. Nc3 $5) (37. Rd6 $1 b4 (37... Bf8 38. Rxe6 Rxg4
39. Rxf6 $16) (37... Qe7 38. Rxe6 Qc5 39. Qe2 $16) (37... Re8 38. Rb6 $16) 38.
axb4 Qe7 39. Qxe6 Qxh4+ 40. Qh3 Qxh3+ 41. Kxh3 Rb8 42. Nd2 Rxb4 43. Kg4 $16)
37... Qf8 $1 38. Rb7 Qa8 $1 39. Qf7 (39. Rxb5 Qxe4) 39... Qd8 $1 {It turns out
that White also has multiple weaknesses: a3, e4, h4, not to mention that the
knight still didn't come into the game.} 40. Nc3 {Finally the knight is doing
something, but thanks to his active queen Black gets sufficient counterplay.}
Qd2 41. Nxb5 Qxf2 42. Qg6 {White must agree to a draw in order to avoid
obvious problems.} (42. Qh5 $2 Qg3+ 43. Kh1 Bf8 $19) 42... Qxh4+ 43. Kg1 Qe1+
44. Kh2 Qh4+ 45. Kg1 f3 (45... Qg5 46. Qxg5 hxg5 47. a4 $13) 46. gxf3 Qe1+ 47.
Kh2 Qf2+ 48. Qg2 Qh4+ 49. Qh3 Qf2+ 50. Qg2 Qh4+ 51. Qh3 1/2-1/2

[Event "Moscow op-A"]
[Site "Moscow"]
[Date "2009.02.05"]
[Round "6"]
[White "Timofeev, Artyom"]
[Black "Smirnov, Pavel"]
[Result "1-0"]
[WhiteElo "2671"]
[BlackElo "2579"]
[Annotator "Rogozenco,D"]
[PlyCount "83"]
[EventDate "2009.01.31"]
[EventType "swiss"]
[EventRounds "9"]
[EventCountry "RUS"]
[SourceTitle "CBM 128 Extra"]
[Source "ChessBase"]
[SourceDate "2009.03.05"]
[SourceVersion "2"]
[SourceVersionDate "2009.03.25"]
[SourceQuality "1"]

1. e4 c5 2. Nf3 Nc6 3. d4 cxd4 4. Nxd4 Nf6 5. Nc3 e5 6. Ndb5 d6 7. Bg5 a6 8.
Na3 b5 9. Nd5 Be7 10. Bxf6 Bxf6 11. c4 b4 12. Nc2 O-O {A precise move,
restricting White's options.} (12... a5 13. g3 $13 {/+/=} (13. Be2 {is still
possible, of course})) 13. Be2 {The best reaction from White, designed to
prevent the plan Qa5-c5.} ({In the event of} 13. g3 Bg5 14. Bg2 {the plan} Qa5
15. O-O Qc5 {seems to solve quickly Black's opening problems.} 16. b3 a5 $11) (
13. Ncxb4 Nxb4 14. Nxb4 Qb6 $11) 13... a5 ({When the Be2 protects Pc4 the
aforementioned plan Qa5-c5 doesn't look so attractive for Black anymore:} 13...
Bg5 14. O-O Qa5 15. b3 Qc5 16. a3 bxa3 17. b4 $1 Qa7 18. Rxa3 $14 {0-1 Fedorov,
A (2584)-Markos,J (2557)/Dresden 2008 (72)}) 14. O-O Bg5 15. Qd3 Be6 16. Rfd1
$5 {Usually by leaving the rook on a1 White connects his plan with the advance
a2-a3. However, there is an additional possibility to use the rook on the
queenside, demonstrated in this game.} ({More often White plays} 16. Rad1 {
(the rook from f1 will support later the advance of the f-pawn). Then taking
on d5 is a common way to fight for equality:} Bxd5 17. cxd5 (17. Qxd5 $11 {/+/=
}) 17... Nb8 18. Bg4 Na6 19. g3 Nc5 20. Qf3 Na4 21. Qb3 Nc5 $11 {1/2-1/2
Asrian,K (2635)-Ni Hua (2607)/Taiyuan 2006 (36)}) 16... Bxd5 (16... Rb8) (16...
g6) 17. cxd5 $1 $146 (17. Qxd5 Qb6 18. Rd3 Rfd8 19. Rf3 {An interesting, but
rather harmless plan.} Ra7 20. g3 a4 21. h4 Bf6 22. b3 Nd4 $1 $132 {[%csl Rd5]
[%cal Ga7a5] 1/2-1/2 Pinter,E (2389)-Markos,J (2565)/Slovakia 2008 (69)}) 17...
Nb8 18. Ne3 $1 Nd7 (18... Bxe3 19. Qxe3 Nd7 20. Rac1 {transposes to the game})
19. Rac1 Nc5 (19... Ra7 20. Rc6 Nc5 21. Rxc5 dxc5 22. Nc4 $44) 20. Rxc5 $1 {
Such a positional exchange sacrifice was demonstrated first by Predojevic in
2006. White achieves a powerful compensation thanks to his strong d-pawn.} Bxe3
(20... dxc5 21. Nc4 $44 {/+/-}) 21. Qxe3 dxc5 22. d6 Qb6 23. Bc4 Rad8 24. Qd3 (
24. d7 $1) 24... Kh8 $6 (24... Rd7 25. f4 $13 (25. Bb5 c4 26. Qd5 Rxd6 27. Qxd6
Qxb5 $17)) 25. h4 ({More precise is} 25. d7 g6 26. Qd5 {[%csl Re5]} Qc7 27. b3
$44 {/+/-} f5 $140 $2 28. Qe6 $18 {[%csl Re5][%cal Gd1d6]}) 25... Rd7 $1 (25...
g6 26. Qd5 $16 (26. h5 $44 {/+/-})) 26. Bb5 c4 $1 (26... Rdd8 27. d7 g6 28. Qc4
$16 {[%cal Gd1d5]} (28. h5 $44)) 27. Qd5 (27. Qxc4 $2 Rxd6 $19) (27. Bxc4 $2
Rfd8 $17) 27... Rdd8 28. Qxe5 (28. Bxc4 f6 (28... f5 $5) 29. d7 $16) 28... c3
29. bxc3 f6 $2 (29... bxc3 30. d7 c2 31. Rc1 a4 $1 32. Bxa4 (32. Rxc2 Rxd7 $1
33. Bxa4 $11) (32. Kh2 $2 f6 33. Qd5 Qxf2 $19) 32... Qb1 33. Qf4 Qb4 34. Bxc2
Rxd7 35. h5 $13 {/=}) 30. Qd5 $16 bxc3 31. d7 a4 (31... c2 32. Rc1 a4 33. Rxc2
$18) 32. Bxa4 Qb2 33. Qc4 Rb8 34. g3 Rfd8 35. Bb3 $18 Ra8 36. h5 h6 37. Kg2 Rf8
38. Rd3 Rad8 39. Qc5 Qe2 40. Qxf8+ Rxf8 41. d8=Q Qxe4+ 42. Kh2 1-0

[Event "EU-Cup 19th"]
[Site "Rethymno"]
[Date "2003.09.29"]
[Round "2.4"]
[White "Kasimdzhanov, Rustam"]
[Black "Smirnov, Pavel"]
[Result "1/2-1/2"]
[WhiteElo "2664"]
[BlackElo "2629"]
[Annotator "Rogozenco,D"]
[PlyCount "69"]
[EventDate "2003.09.28"]
[EventType "team-swiss"]
[EventRounds "7"]
[EventCountry "GRE"]
[SourceTitle "CBM 098"]
[Source "ChessBase"]
[SourceDate "2004.02.03"]
[SourceVersion "1"]
[SourceVersionDate "2004.02.03"]
[SourceQuality "1"]
[WhiteTeam "Sarajevo Bosna"]
[BlackTeam "St Petersburg"]
[WhiteTeamCountry "BIH"]
[BlackTeamCountry "RUS"]

1. e4 c5 2. Nf3 Nc6 3. d4 cxd4 4. Nxd4 Nf6 5. Nc3 e5 6. Ndb5 d6 7. Nd5 Nxd5 8.
exd5 Nb8 9. c4 Be7 10. Bd3 a6 11. Nc3 O-O 12. O-O f5 13. f3 Bg5 14. Kh1 Nd7 15.
b4 a5 16. a3 axb4 17. Bxg5 Qxg5 18. axb4 Rxa1 19. Qxa1 Qe3 20. Be2 {Leko's
move, which requires precise play from Black.} b5 $1 {This forces matters and
helps Black to finish development very quick, at the same time preparing a
future target for attack - pawn d5. Formally, White retains better chances,
but the position is probably just very close to draw. In the present game
Kasimdzhanov tried to improve, but ended up in a dead-draw position.} (20... e4
21. Qc1 Qb6 22. fxe4 fxe4 23. Rxf8+ Nxf8 24. Nb5 $16 {1-0 Leko,P-Krasenkow,M/
Essen 2002 (41)}) 21. Qc1 (21. Nxb5 $2 Qxe2) (21. cxb5 $6 Bb7 22. Rd1 Rc8 23.
Rd3 Qf2 $44) 21... Qxc1 22. Rxc1 bxc4 23. Nb5 Bb7 ({Also possible is:} 23...
Nb6 24. Nxd6 Rd8 25. Nxc4 (25. Nxc8 Rxc8 26. d6 $1 $11) 25... Nxd5 26. b5 Nf4
27. Rd1 (27. Bf1 e4 $11) 27... Rd4 28. Rxd4 exd4 29. Bf1 Nd5 30. Kg1 (30. Nd6
Nb6 (30... Bd7 $4 31. Bc4)) 30... Kf8 31. Nd6 Bd7 32. Bc4 Nb6 33. Bd3 g6 34. f4
Ke7 35. Nb7 Be6 36. Nc5 Bc4 37. Bxc4 Nxc4 38. Kf2 Kd6 39. Nb3 d3 40. g3 Kc7 41.
Nc5 {1/2-1/2 Rodriguez Guerrero,E-Alsina Leal,D/Andorra 2003 (41)}) 24. Bxc4
$146 ({The earlier try} 24. Nxd6 {also brought White only a draw:} Bxd5 25.
Bxc4 Bxc4 26. Rxc4 e4 27. fxe4 fxe4 (27... Ne5 28. Rd4 Nc6 29. Rd1 fxe4 30.
Nxe4 Nxb4 {1/2-1/2 Kovacevic,A-Espinosa Flores,R/Bled 2002}) 28. Kg1 e3 29. Re4
Nf6 30. Rxe3 Nd5 (30... Rd8 31. Re6 Rb8 32. Re7 Rxb4 {1/2-1/2 Leko,P-Kramnik,V/
Monte Carlo 2003}) 31. Re4 Rd8 32. Nf5 Rb8 33. b5 Nc3 34. Re7 g6 35. Nh6+ Kh8
36. Nf7+ Kg8 37. Ng5 Rxb5 38. h4 Rf5 39. Nxh7 Rf7 40. Rxf7 Kxf7 41. Ng5+ Kf6
42. Kf2 Nd5 43. Kf3 Ne7 44. Ne4+ Kg7 45. Kg4 {1/2-1/2 Neelotpal,D-Ramesh,R/
Mumbai 2003}) 24... Rf6 25. Nc7 (25. Bb3 {brings nothing:} Nb6 {[%csl Rd5]} 26.
Nc7 Rf8 {[%cal Gf8c8]}) 25... Nb6 26. Bb5 Rf7 27. Ne8 Bxd5 28. Nxd6 Rf8 29. Re1
Rf6 30. Ne8 Rh6 31. Bd3 (31. Rxe5 Rh4 {and the best White can possibly achieve
is three versus two pawns on the same wing kind of endgames, all of them
theoretical draw.}) (31. Nc7 Bf7 ({or} 31... Rh4) 32. Rxe5 Rh4 33. Na6 Nd5 34.
Rxf5 Rd4 35. Kg1 Nxb4 {and same story again - White is better, but is a draw.})
31... e4 32. fxe4 fxe4 33. Bxe4 Bxe4 34. Rxe4 Nd5 35. h3 (35. b5 Rb6 $11)
1/2-1/2

[Event "EU-ch 6th"]
[Site "Warsaw"]
[Date "2005.06.18"]
[Round "1"]
[White "Alekseev, Evgeny V"]
[Black "Atakisi, Umut"]
[Result "1-0"]
[WhiteElo "2597"]
[BlackElo "2439"]
[Annotator "Rogozenco,D"]
[PlyCount "123"]
[EventDate "2005.06.18"]
[EventType "swiss"]
[EventRounds "13"]
[EventCountry "POL"]
[SourceTitle "CBM 108"]
[Source "ChessBase"]
[SourceDate "2005.09.26"]
[SourceVersion "1"]
[SourceVersionDate "2005.09.26"]
[SourceQuality "1"]

1. e4 c5 2. Nf3 Nc6 3. d4 cxd4 4. Nxd4 Nf6 5. Nc3 e5 6. Ndb5 d6 7. Bg5 a6 8.
Na3 b5 9. Bxf6 gxf6 10. Nd5 Bg7 11. Bd3 Ne7 12. Nxe7 Qxe7 13. c3 f5 14. O-O (
14. Nc2 $5 O-O $140 15. Qh5 $14) 14... O-O 15. Nc2 f4 16. a4 bxa4 17. Rxa4 Qg5
18. Qe2 {After this precise move Black must not abandon his queenside, like in
the game. Instead he should combine kingside play with prophylactic measures
on the queenside.} ({Worse is} 18. f3 Bf6 $36 {[%cal Gf6d8,Gd8b6]}) 18... Kh8
$146 (18... Bb7 19. f3 a5 20. Rfa1 Qd8 21. Na3 f5 22. Nc4 $14 {1-0 Ulibin,M 
(2495)-Serper,G (2420)/Tunja 1989(60)}) (18... Bf6 $5 19. Rfa1 Bd8 20. Ne1 (20.
Bxa6 f3 $1) 20... a5 21. b4 Bb6 22. bxa5 Bc5 $44) ({I like most} 18... a5 19.
Bb5 (19. Rfa1 Bd7 20. R4a3 (20. Rxa5 f3 $1 21. Qf1 (21. Qxf3 $2 Rxa5 22. Rxa5
Qc1+ 23. Bf1 Qxc2 $19) 21... Rxa5 22. Rxa5 fxg2 (22... Bh3 $5) 23. Qe1 (23.
Qxg2 Qc1+ 24. Qf1 Qxb2 $13) 23... f5 $36) 20... Rab8 $13) (19. b4 Bh3 20. f3
axb4 $11) 19... Kh8 20. f3 f5 $36 {1-0 Mongontuul,B (2375)-Mihevc,N (2114)/
Bled 2002 (49)}) (18... Bh3 19. f3 $14) 19. Rfa1 Rg8 {The present game shows
that Black's direct kingside attack when White's pawn is still on f2 offers
White additional defensive options due to the possibility to use square f3 for
the pieces.} (19... Bg4 $6 20. f3 $16) (19... f5 $5) 20. Ne1 $1 (20. Bxa6 $2 f3
$1 $17 {[%cal Gg5c1,Gc8a6]}) (20. f3 $6 Bf6 $40) 20... Bf6 (20... Bh3 21. Bc4
Bf6 22. Qf3 Bg4 23. Qd3 $16) 21. Bxa6 $16 Bh3 (21... f3 22. Qxf3 Bg4 23. Qd3
$18) (21... Bd7 22. Bb5 Rxa4 23. Bxa4 Ra8 24. Qd1 $16) 22. Qf3 $1 (22. f3 Qg6
$132 {[%cal Gf6h4]}) 22... Bd7 23. Bb5 $1 Bg4 (23... Bxb5 24. Rxa8 $18) 24. Qd3
Rab8 25. b4 d5 26. Bc6 {A safe decision.} (26. exd5 $2 e4 $36) (26. Qxd5 Be6
27. Qd3 f3 28. g3 $16) 26... dxe4 27. Bxe4 Rgd8 28. Qc2 Bg7 29. Ra8 f5 30. Rxb8
Rxb8 31. Ra8 Rxa8 32. Bxa8 e4 {Black succeeded to get some compensation for
the pawn. Unfortunately the absence of the rooks doesn't allow him to create
anything real.} 33. f3 (33. Qd2 $16) 33... Qd8 (33... Qh4 $142 34. Qf2 Qd8 35.
fxg4 Qxa8 36. Qxf4 (36. gxf5 Bxc3 $1) 36... Bxc3 37. Nc2 $16) (33... Bh5 34.
fxe4 Qd8 35. Bd5 $18) (33... exf3 34. Bxf3 $18) 34. fxg4 Qxa8 35. gxf5 Qd5 (
35... Qc6 36. c4 $18) 36. c4 Bd4+ 37. Kf1 Qxf5 38. Nf3 $1 Bf6 39. Nd2 f3 40.
Nxe4 (40. Qxe4 fxg2+ 41. Kg1 $18 (41. Kxg2 $2 Qg5+ {[%cal Gg5d2,Gg5g2]})) 40...
fxg2+ 41. Kxg2 Qg6+ 42. Kf1 Bd4 43. Ke2 $18 Be5 44. c5 Bxh2 45. Qd3 h5 46. b5
Kg7 47. Qd4+ Kf7 48. Qd7+ Kf8 49. Kd3 Qg4 50. Qd8+ Kf7 51. Qf6+ Ke8 52. c6 Bf4
53. Nc3 Qf3+ 54. Kc4 Qg4 55. Qh8+ Kf7 56. Qh7+ Kf8 57. Qe4 Kf7 58. b6 Qe6+ 59.
Qxe6+ Kxe6 60. Kb5 Kd6 61. c7 Kd7 62. Nd5 1-0

[Event "CZE-ch"]
[Site "Zlin"]
[Date "1998.06.17"]
[Round "5"]
[White "Gross, David"]
[Black "Babula, Vlastimil"]
[Result "1/2-1/2"]
[WhiteElo "2425"]
[BlackElo "2555"]
[Annotator "Rogozenco,D"]
[PlyCount "90"]
[EventDate "1998.06.13"]
[EventType "tourn"]
[EventRounds "11"]
[EventCountry "CZE"]
[EventCategory "9"]
[SourceTitle "CBM 066"]
[Source "ChessBase"]
[SourceDate "1998.09.30"]
[SourceVersion "1"]
[SourceVersionDate "1998.09.30"]
[SourceQuality "1"]

1. e4 c5 2. Nf3 Nc6 3. d4 cxd4 4. Nxd4 Nf6 5. Nc3 e5 6. Ndb5 d6 7. Bg5 a6 8.
Na3 b5 9. Nd5 Be7 10. Nxe7 {The practice has shown that Black has good chances
to equalize after this move. Still, due to White´s two Bishops and better pawn
structure, a carefull play is necessary with Black. White´s main problem in
this variation is the bad-placed Knight on a3, which is not so easy to bring
quickly into play.} Nxe7 11. Qf3 (11. Bd3 d5 12. exd5 Qxd5 13. f3 Bf5 14. Bxf5
Nxf5 15. Qxd5 Nxd5 16. O-O-O Nc7 17. Rhe1 f6 18. Bd2 O-O-O 19. c4 Rhe8 $11 {
Yemelin,V-Yakovich,Y/RUS-ch 1994/0-1 (58)}) (11. Bxf6 gxf6 12. Qf3 f5 13. exf5
Bxf5 14. Bd3 Be6 15. O-O d5 16. Rad1 Qc7 17. Qf6 O-O-O 18. Rfe1 Nc6 19. Re3 e4
20. Be2 Qe5 $17 {0-1 McDonald,N-Chandler,M/BCF-ch 1989 (31)}) 11... Bg4 (11...
Nd7 {The alternative, which seems to offer comfortably play as well.} 12. c4 (
12. b4 f6 13. Bd2 Bb7 14. c4 f5 15. cxb5 fxe4 16. Qg4 O-O 17. Nc4 Nf5 18. Na5
Bd5 19. bxa6 Qb6 $13 {0-1 Santo Roman,M-Cherniaev,A/Cannes op18th 1997 (36)})
12... b4 13. Nc2 a5 14. Bd3 O-O 15. O-O Nc5 16. Rad1 Bb7 17. Bxe7 Qxe7 18. Ne3
g6 $11 {1-0 Santo Roman,M-Wagner,C/Cannes op18th 1997 (35)}) 12. Qg3 Be6 13.
Bd3 Ng6 14. O-O (14. Qf3 $6 Qa5+ 15. Bd2 Qc7 16. O-O O-O 17. c3 d5 18. exd5
Bxd5 19. Qh3 Be6 20. Qf3 e4 21. Bxe4 Bg4 22. Qe3 Rae8 $36 {0-1 Pierrot,
F-Shariyazdanov,A/WCh-Team U-26, Roque Saenz Pena ARG 1997 (31)}) 14... h6 15.
Bxf6 Qxf6 16. c4 b4 (16... O-O $6 {Why should Black sacrifice a pawn here?} 17.
cxb5 axb5 18. Nxb5 Nf4 19. a4 d5 20. Rfe1 Rfc8 21. exd5 Bxd5 22. Bf1 Rc2 23. a5
$16 {1-0 Hracek,Z-Salai,L/Pardubice op 1992 (49)}) 17. Nc2 O-O 18. Rfd1 a5 (
18... Rab8 $5 19. Bf1 $140 Qe7 20. a3 b3 21. Ne3 Qc7 $11 {/\Ne7-c6-d4.}) 19.
Bf1 Qe7 20. a3 $1 bxa3 21. Qxa3 Qb7 (21... Rfd8 22. b4 axb4 (22... a4 $2 23. b5
Qc7 24. Nb4 $16) 23. Qxa8 Rxa8 24. Rxa8+ Kh7 25. Rb8 $14 (25. Nxb4 $2 Qb7 26.
Ra4 Bd7 $19)) 22. Rxd6 Qxe4 {Looks good for Black, but now c-pawn becomes
dangerous.} 23. Ne3 Nf4 (23... Ne7 $4 24. Rxe6 fxe6 25. Qxe7 $18) 24. c5 $14
Rab8 (24... Rfc8 25. Ba6 $1) (24... a4 25. Bb5 $16) 25. c6 Rfc8 26. Qxa5 Rxc6 (
26... Rxb2 27. Rd8+ Kh7 28. Rxc8 Bxc8 29. Qa8 $16) 27. Rxc6 Qxc6 28. Qxe5 Rb4
29. Nf5 $6 {I wouldn´t go for this exchange. The Knight on e3 looks very well
placed, and now Black gets a good square for his Knight - e6.} (29. g3 $5) (29.
Rd1 $16) 29... Bxf5 30. Qxf5 Ne6 {Now Black has good chances to save the game,
thanks to good position of his pieces.} 31. Ra7 Rf4 (31... Rb7 32. Ra8+ Nf8 33.
Rc8 $16) 32. Qe5 Qc2 33. Qe2 (33. Qb8+ Kh7 34. Qb6 Nc5 35. f3 Qc1 $44) 33...
Qxe2 34. Bxe2 Rb4 35. Ra2 g6 36. Kf1 h5 $1 (36... Kg7 $2 37. g3 h5 (37... g5
$142) 38. h4 $16) 37. Bd1 $6 (37. Ke1 {White must try to bring his King to c3,
there is no other way to improve the position.} Nf4 38. g3 (38. Bf1 $5) (38.
Bf3 $2 Rxb2 $11) 38... Nxe2 39. Kxe2 Kg7 40. Kd2 Rb7 $16) 37... Rd4 38. Bf3 Rb4
39. g3 h4 40. Bd5 (40. Ke1 $16) 40... Nc7 41. Bc6 Ne6 42. Ra4 $2 Rb6 $11 43.
Bd5 hxg3 44. hxg3 Rxb2 45. Ra7 Rb6 1/2-1/2

[Event "Yopal"]
[Site "Yopal"]
[Date "1997.06.28"]
[Round "8"]
[White "Milos, Gilberto"]
[Black "Gamboa, Nelson"]
[Result "0-1"]
[WhiteElo "2605"]
[BlackElo "2415"]
[Annotator "Rogozenco,D"]
[PlyCount "104"]
[EventDate "1997.06.20"]
[EventType "tourn"]
[EventRounds "9"]
[EventCountry "COL"]
[EventCategory "12"]
[SourceTitle "CBM 060"]
[Source "ChessBase"]
[SourceDate "1997.09.29"]
[SourceVersion "1"]
[SourceVersionDate "1997.09.29"]
[SourceQuality "1"]

1. e4 {Hecht} c5 2. Nf3 Nc6 3. d4 cxd4 4. Nxd4 Nf6 5. Nc3 e5 6. Ndb5 d6 7. Bg5
a6 8. Na3 b5 9. Bxf6 gxf6 10. Nd5 f5 11. c3 Bg7 12. exf5 Bxf5 13. Nc2 Be6 14.
g3 O-O 15. Bg2 f5 16. O-O Rc8 {A rare move because it allows White to take the
initiative on the queenside after 17.a4. After 16. ... Rc8 Black tries as
quickly as possible to fight for d5 square.} (16... a5 17. Qe2 (17. Qh5) 17...
Rb8 18. Rad1 Qd7 19. f4 e4 20. Nce3 Ne7 21. Rd2 Nxd5 22. Nxd5 Qf7 23. Rfd1 Rfc8
24. g4 fxg4 25. Bxe4 Kh8 $13 {Gruenfeld-Sutovskij/Israel/1996}) 17. a4 (17. Qh5
Ne7 $5 $13) (17. f4 Ne7 18. Kh1 Rc5 19. Nce3 Nxd5 20. Nxd5 a5 $11 {
Thesing-Goetz/Germany/1992}) 17... Kh8 18. axb5 axb5 19. Qe2 Ne7 20. Rfd1 Rc5
21. Ncb4 e4 22. Nf4 Bb3 23. Rd2 Ng6 24. Nxg6+ hxg6 $13 25. Ra6 Rf6 26. f3 (26.
f4 d5 $15) 26... Bh6 27. fxe4 $6 (27. f4 g5 $5 28. fxg5 Bxg5 29. Qh5+ Rh6 30.
Raxd6 Qxd6 31. Qe8+ Kg7 32. Rxd6 Rxd6 33. h4 $13) 27... Bc4 (27... Bxd2 28.
Qxd2 $44) 28. Nd3 (28. Qd1 Be3+ 29. Kh1 Bxd2 30. Qxd2 Qf8 $17) 28... fxe4 29.
Bxe4 Re5 $17 30. Nxe5 (30. Rd1 d5 31. Rxf6 Qxf6 $19) 30... Bxe2 31. Rxe2 Qe7
32. Ra8+ Kg7 33. Nc6 Qe6 34. Ra7+ Kh8 35. Nd4 (35. Ra8+ $142 Bf8 36. Nd4 $15)
35... Qc4 36. Kg2 Be3 $1 37. Bf3 (37. Rxe3 Qf1#) 37... Qd3 38. Re1 Qd2+ (38...
Bxd4 $4 39. Re8+) 39. Re2 Qc1 $19 40. Ra8+ Kh7 41. h4 Qg1+ 42. Kh3 Rxf3 43.
Nxf3 Qf1+ 44. Rg2 Qxf3 {[#] Hecht: Materieller Vorteil für Schwarz sowie
fehlende Zusammnenarbeit der Türme ergeben einen leichten schwarzen Sieg,
nachdem der Läufer auf sein Idealfeld gebracht werden kann. Taktik!} 45. Rb8
Bf4 46. Kh2 (46. Rf8 {Hecht} g5 {[%cal Rg5g4,Rf4g3]} 47. Rb8 (47. hxg5 Qh5#)
47... gxh4 $19) (46. Rxb5 {Hecht} Bxg3 47. Rxg3 Qf1+ $19 {[%csl Rb5]}) 46...
Be5 47. Rxb5 Bxg3+ 48. Rxg3 Qe2+ 49. Rg2 Qxb5 50. Kg3 Kh6 51. Kh3 Qf1 52. Kh2
Kh5 0-1